000 00351nam a2200133Ia 4500
008 150201s2006 xx 000 0 und d
082 _a617.96
_bE06C
100 _aCHANDERSEKARAN, R
245 _aESSENTIALS OF ANESTHESIA FOR UNDERGRADUATES
260 _bJAYPEE BROTHERS
_aDELHI
_c2006
300 _a1-275
650 _aANAESTHESIOLOGY
942 _2ddc
_cBK
_01
999 _c99
_d99